000 00323nam a22001337a 4500
008 171014b xxu||||| |||| 00| 0 eng d
020 _a9781840141948
041 _aeng
080 _a331
100 _a52
101 _aPUN
245 _aPROJECTING ENVIRONMENT TRENDS FROM ECONOMIC FORECASTS
_cMEYER, P.B
942 _2udc
_cBK
999 _c33957
_d33957